000 00605nam a2200229Ia 4500
003 OSt
005 20220918225253.0
006 a|||||r|||| 00| 0
007 ta
008 220917b |||||||| |||| 00| 0 eng d
024 _a239,381
037 _cTextual
040 _aARTS
_cARTS
_beng
041 _2eng
_aeng
082 _aO111,3M18,1, K3;M1
100 _aBronte Emily
_916546
245 0 _aWuthering heights
260 _aAllahabad
_bRupa India
_c1981
650 _aENGLISH LITERATURE
942 _hO111,3M18,1, K3;M1
_cTEXL
_2CC
999 _c284140
_d284140